[Event "Senta op-A 10th"]
[Site "Senta"]
[Date "2006.07.28"]
[Round "9"]
[White "Garmacea, Bogdan"]
[Black "Pacal, Mihaly"]
[Result "1-0"]
[WhiteElo "1986"]
[BlackElo "2236"]
[PlyCount "87"]
[EventDate "2006.07.21"]
[EventType "swiss"]
[EventRounds "9"]
[EventCountry "YUG"]
[SourceTitle "CBM 113 Extra"]
[Source "ChessBase"]
[SourceDate "2006.09.14"]
[SourceVersion "1"]
[SourceVersionDate "2006.09.14"]
[SourceQuality "1"]

1. d4 c5 2. d5 e5 3. c4 d6 4. e4 Be7 5. Bd3 Bg5 6. Ne2 Bxc1 7. Qxc1 Ne7 8. Ng3 0-0 9. Nc3 Ng6 10. Qd2 Nf4 11. f3 a6 12. Nf5 Bxf5 13. exf5 Nd7 14. g3 Nxd3+ 15. Qxd3 Rb8 16. 0-0 b5 17. b3 Nf6 18. Kg2 Qa5 19. cxb5 axb5 20. a4 c4 21. bxc4 bxc4 22. Qd2 Rb3 23. Rfc1 Rc8 24. Ra2 Kf8 25. Nb5 c3 26. Qf2 Nxd5 27. Rac2 Qxa4 28. Nxd6 Rc6 29. Ne4 Qd4 30. Re2 c2 31. Rexc2 Rxc2 32. Rxc2 Ne3+ 33. Kh3 Nxc2 34. Qxc2 Rb8 35. f6 Qd7+ 36. g4 Rc8 37. Qb3 h5 38. Qa3+ Kg8 39. Qe3 hxg4+ 40. fxg4 Qd1 41. Qg5 Qf1+ 42. Kh4 Qe1+ 43. Ng3 g6 44. Qh6 1-0

[Event "Senta op-A 10th"]
[Site "Senta"]
[Date "2006.07.21"]
[Round "1"]
[White "Ristic, Nebojsa M"]
[Black "Garmacea, Bogdan"]
[Result "1-0"]
[WhiteElo "2263"]
[BlackElo "1986"]
[PlyCount "101"]
[EventDate "2006.07.21"]
[EventType "swiss"]
[EventRounds "9"]
[EventCountry "YUG"]
[SourceTitle "CBM 113 Extra"]
[Source "ChessBase"]
[SourceDate "2006.09.14"]
[SourceVersion "1"]
[SourceVersionDate "2006.09.14"]
[SourceQuality "1"]

1. d4 e6 2. c4 Nf6 3. Nc3 Bb4 4. Qc2 0-0 5. a3 Bxc3+ 6. Qxc3 b6 7. Nf3 Bb7 8. e3 c5 9. b4 Qe7 10. dxc5 bxc5 11. Bb2 Na6 12. b5 Nc7 13. Be2 d6 14. Nd2 e5 15. Bf3 Ne6 16. h4 e4 17. Be2 Rae8 18. g4 Nd7 19. 0-0-0 f5 20. gxf5 Rxf5 21. Bg4 Rf7 22. Bh5 Rxf2 23. Bxe8 Qxe8 24. Qa5 Qb8 25. Rdf1 Re2 26. Re1 Rf2 27. Reg1 d5 28. cxd5 Bxd5 29. Qc3 Qf8 30. Rf1 h6 31. Rfg1 Rf1+ 32. Rxf1 Qd6 33. Rhg1 Qe7 34. Nc4 Kh7 35. Ne5 Nf6 36. Ng6 Qb7 37. Qe5 Qxb5 38. Nf8+ Kh8 39. Nxe6 Qc4+ 40. Qc3 Bxe6 41. Qxc4 Bxc4 42. Bxf6 gxf6 43. Rg6 f5 44. Rxh6+ Kg7 45. Rc6 Bd3 46. Rxc5 Kg6 47. Kd2 a6 48. Ke1 Kh5 49. Rcxf5+ Kxh4 50. Kd2 Kg4 51. R5f4+ 1-0